000
00401nam a2200133Ia 4500
008
100328s9999 xx 000 0 und d
082
_b
14591
100
_a
शिरवाडकर वसंत
245
_a
ग्रह आणि आग्रह
260
_b
वैभव
630
_a
ग्रह आणि आग्रह
730
_a
ग्रह आणि आग्रह
942
_c
BOOK
999
_c
509520
_d
509517